Multi-Category Entertainment Blitz Quiz Stats

 Plays Quiz Updated Feb 10, 2018

Score 0/30 Timer 04:00
2 Plays Today
Hint Answer % Correct
Begins with PPopeye
96.5%
Celebrities Who Died in 2016Muhammad Ali
93.2%
Begins with PPrince
92.9%
Four Famous First NamesBob
90.3%
Four Letter EntertainmentFudd
84.1%
Celebrities Who Died in 2016David Bowie
82.5%
It Won a Tony and an OscarThe Sound of Music
80.5%
Four Famous First NamesJohn
79%
Four Famous First NamesJames
77.7%
Begins with PPryor
77.4%
Four Letter EntertainmentJuno
74.5%
Celebrities Who Died in 2016Arnold Palmer
69.6%
Four Famous First NamesPatricia
68.8%
Celebrities Who Died in 2016Alan Rickman
68.2%
Name that X-Man Wolverine
66.9%
Hint Answer % Correct
Four Letter EntertainmentLoki
66.1%
It Won a Tony and an OscarAmadeus
64.9%
Begins with PPepper Potts
60.4%
Four Letter EntertainmentRent
59.5%
It Won a Tony and an OscarMy Fair Lady
58.9%
Four Famous First NamesMark
57.1%
Four Letter EntertainmentCats
55.4%
Name that X-Man Magneto
55.2%
Celebrities Who Died in 2016John Glenn
54.5%
Begins with PPatti
53.9%
Name that X-Man Cyclops
49.9%
Name that X-Man Iceman
43.2%
It Won a Tony and an OscarChicago
37%
Name that X-Man Colossus
30%
It Won a Tony and an OscarA Man for All Seasons
21.9%

You're not logged in!

Compare scores with friends on all Sporcle quizzes.
OR
Log In

You Might Also Like...

Show Comments

Extras

Top Quizzes Today


Score Distribution

Your Account Isn't Verified!

In order to create a playlist on Sporcle, you need to verify the email address you used during registration. Go to your Sporcle Settings to finish the process.

Report this User

Report this user for behavior that violates our Community Guidelines.

Details: